Pushing the envelope: critical issues in education
Uloženo v:
| Hlavní autor: | |
|---|---|
| Médium: | Kniha |
| Jazyk: | angličtina |
| Vydáno: |
Upper Saddle River
Pearson Education
2003
|
| Témata: | |
| Tagy: |
Přidat tag
Žádné tagy, Buďte první, kdo vytvoří štítek k tomuto záznamu!
|
MARC
| LEADER | 00000nam a2200000 a 4500 | ||
|---|---|---|---|
| 001 | UCH4896 | ||
| 003 | CL-VaPUC | ||
| 008 | 090910e20030000us |||||||||||||||||eng|d | ||
| 020 | |a 01309990906 | ||
| 082 | 0 | 4 | |a 370.1 |b ORN |2 21 |
| 100 | |a Ornstein, Allan C. |e author |9 540859 | ||
| 245 | 1 | 0 | |a Pushing the envelope: critical issues in education |
| 300 | |a 300 p | ||
| 942 | |c BK | ||
| 945 | |d 20090910 00:00:00 |a rbrito | ||
| 260 | |a Upper Saddle River |b Pearson Education |c 2003 | ||
| 650 | 0 | |a Filosofía de la educación |9 258384 | |
| 650 | 0 | |a Teoría de la educación |9 309368 | |
| 650 | 0 | |a Currículo |9 307290 | |
| 650 | 0 | |a Formación profesional de profesores |9 307493 | |
| 650 | 0 | |a Multiculturalismo |9 435149 | |
| 583 | |a last modification |c 20171204 01:25:09 |k Rodrigo Vera | ||
| 999 | |c 336128 |d 336126 | ||
| 952 | |0 0 |1 0 |4 0 |6 370_100000000000000_ORN_2003 |7 0 |8 P |9 427080 |a BIBEDU |b BIBEDU |c BIBEDU_PB |d 2019-11-22 |i 4600509 |o 370.1 ORN 2003 |p 4600509 |r 2024-01-25 |w 2019-11-22 |y BK |k PSI | ||